| 000 | 00997nam a22003017a 4500 | ||
|---|---|---|---|
| 003 | CHAP | ||
| 005 | 20220329134649.0 | ||
| 008 | 971013s1975 r 00010 d | ||
| 010 | _a23854 | ||
| 011 | _a24826 | ||
| 035 | _a28926 | ||
| 040 | _cCHAP | ||
| 090 | _aFolleto 1679 | ||
| 110 |
_aComisión Nacional de Fruticultura. México _925772 |
||
| 245 | _aPudrición texana | ||
| 260 |
_aMéxico, D. F. : _b(s.e.), _c1975 |
||
| 300 | _a(s.p.) | ||
| 490 |
_aComisión Nacional de Fruticultura. México. Hoja de divulgación _v; 19 |
||
| 590 |
_aBATCH-UPD _b10 _c20130109 _lUCH01 _h2334 |
||
| 590 |
_aBATCH-UPD _b10 _c20130409 _lUCH01 _h1901 |
||
| 590 |
_aBATCH-UPD _b10 _c20130914 _lUCH01 _h1017 |
||
| 590 |
_aCONVERSION _b10 _c20130109 _lUCH01 _h1314 |
||
| 650 | 1 | 4 |
_aPudrición texana de la raíz. _992868 |
| 830 | 0 |
_aComisión Nacional de Fruticultura. México. Hoja de divulgación _v; 19 _925777 |
|
| 901 | _aBK | ||
| 942 | _cFOLL | ||
| 949 |
_aFolleto 1679 _bBC _cFOLL _d-66876 _eTS1 _i28926 _mD _si |
||
| 999 |
_c23854 _d23854 |
||